000 00688nam a2200253Ia 4500
003 OSt
005 20221006160904.0
006 a|||||r|||| 00| 0
007 ta
008 221006b |||||||| |||| 00| 0 eng d
020 _a9780151015450
_c
_ 14.95
024 _a46,728
037 _cTextual
040 _aEASL
_cEASL
_beng
041 _2eng
_aeng
082 _aO495,3N68,4, 111Q6
100 _aKIM Young- Ha
_9672163
245 0 _aYour republic is calling you
_b A Novel
260 _aSeoul
_bMunhakdongne Korea
_c2006
300 _a326p.
_ccm.
490 _v KEL
942 _hO495,3N68,4, 111Q6
_cTEXL
_2CC
999 _c1114817
_d1114817